000 00801nam a2200229Ia 4500
003 GCL
005 20240530095313.0
008 140319s9999 xx 000 0 ara d
040 _aGCL /
_cGCL
082 0 4 _a027.46211
_bق/ع م
100 1 _aعادل حسنين
245 1 0 _aمجد الاسكندرية ومكتبتها /
_cعادل حسنين
250 _aالاولى
260 _aالقاهرة :
_bدار امادو للنشر ،
_c2002
300 _a27 ص ؛
_c20 سم
490 _aمكتبة الاسكندرية
_v1
650 0 4 _aمكتبة الاسكندرية القديمة
650 0 4 _aمنارة الاسكندرية
650 0 4 _aالاسكندرية - تاريخ
650 0 4 _aالاسكندرية القديمة - تاريخ - عصر البطالمة
942 _2ddc
_cBK
999 _c5972
_d5972